[Event "COL-chT (Women)"]
[Site "Risaralda"]
[Date "2023.11.20"]
[Round "3.2"]
[White "Pinillo Canon, Silvana"]
[Black "Morales Serrano, Katty Dayana"]
[Result "1-0"]
[WhiteElo "1847"]
[BlackElo "1602"]
[PlyCount "45"]
[EventDate "2023.11.19"]
[EventType "team-swiss"]
[EventRounds "7"]
[EventCountry "COL"]
[SourceTitle "CB49_2023"]
[SourceDate "2023.12.06"]
[SourceVersion "1"]
[SourceVersionDate "2023.12.06"]
[SourceQuality "1"]
[WhiteTeam "Risaralda (W)"]
[BlackTeam "La Guajira (W)"]
[WhiteTeamCountry "COL"]
[BlackTeamCountry "COL"]

1. e4 e5 2. Nf3 Nf6 3. Nxe5 Nxe4 4. Qe2 d5 5. d3 Nf6 6. Nc6+ Qe7 7. Nxe7 Bxe7 8. Nc3 0-0 9. Bd2 Nc6 10. 0-0-0 Bg4 11. f3 Bh5 12. g4 Bg6 13. h4 h5 14. g5 Nd7 15. Nxd5 f6 16. Nxe7+ Nxe7 17. Qxe7 Ne5 18. gxf6 gxf6 19. d4 Nxf3 20. Bc4+ Bf7 21. Qxf6 Bxc4 22. Rhg1+ Nxg1 23. Rxg1+ 1-0

[Event "COL pre olympic sf3"]
[Site "Dosquebradas"]
[Date "2018.05.31"]
[Round "2"]
[White "Morales Serrano, Katty Dayana"]
[Black "Cardoso Cardoso, Jaidy Marcela"]
[Result "1-0"]
[WhiteElo "1595"]
[BlackElo "1871"]
[PlyCount "45"]
[EventDate "2018.05.30"]
[EventType "swiss"]
[EventRounds "10"]
[EventCountry "COL"]
[SourceTitle "CBM 184 Extra"]
[Source "ChessBase"]
[SourceDate "2018.06.28"]
[SourceVersion "1"]
[SourceVersionDate "2018.06.28"]
[SourceQuality "1"]

1. e4 c5 2. Nf3 g6 3. Bc4 Nc6 4. d4 cxd4 5. Nxd4 Bg7 6. Be3 Nf6 7. Nc3 0-0 8. Qd2 Ng4 9. Rd1 Nxe3 10. fxe3 Ne5 11. Bb3 Bh6 12. h3 d6 13. Qf2 Qc7 14. 0-0 a6 15. Qg3 Kh8 16. Rde1 e6 17. Nce2 b5 18. Nf4 Bb7 19. Bxe6 fxe6 20. Ndxe6 Qxc2 21. Qh4 Bxf4 22. Rxf4 Rfe8 23. Qf6+ 1-0

[Event "COL pre olympic sf3"]
[Site "Dosquebradas"]
[Date "2018.05.30"]
[Round "1"]
[White "Corredor Rengifo, Luis Fernando"]
[Black "Morales Serrano, Katty Dayana"]
[Result "1-0"]
[WhiteElo "2091"]
[BlackElo "1595"]
[PlyCount "51"]
[EventDate "2018.05.30"]
[EventType "swiss"]
[EventRounds "10"]
[EventCountry "COL"]
[SourceTitle "CBM 184 Extra"]
[Source "ChessBase"]
[SourceDate "2018.06.28"]
[SourceVersion "1"]
[SourceVersionDate "2018.06.28"]
[SourceQuality "1"]

1. d4 Nf6 2. Nf3 d6 3. c4 g6 4. Nc3 Bg7 5. Bf4 0-0 6. Qd2 Re8 7. Bh6 Bh8 8. h4 Nbd7 9. h5 c5 10. hxg6 fxg6 11. d5 Bg7 12. Bxg7 Kxg7 13. Qh6+ Kg8 14. e3 e5 15. Ng5 Qe7 16. Bd3 Rf8 17. Bxg6 Qg7 18. Bxh7+ Nxh7 19. Qe6+ Rf7 20. Rxh7 Qf6 21. Qxf7+ Qxf7 22. Rxf7 a6 23. 0-0-0 Rb8 24. Rh1 Nf8 25. Nce4 b5 26. Nf6# 1-0

[Event "COL-ch Superate B (Women)"]
[Site "Colombia"]
[Date "2015.10.14"]
[Round "11.8"]
[White "Morales Serrano, Katty Dayana"]
[Black "Arcila, Sofia"]
[Result "0-1"]
[WhiteElo "1616"]
[BlackElo "1543"]
[PlyCount "43"]
[EventDate "2015.10.14"]
[EventType "swiss (blitz)"]
[EventRounds "12"]
[EventCountry "COL"]
[SourceTitle "EXT 2024"]
[Source "ChessBase"]
[SourceDate "2023.10.10"]
[SourceVersion "1"]
[SourceVersionDate "2023.10.10"]
[SourceQuality "1"]

1. e4 c5 2. Nf3 d6 3. d4 cxd4 4. Nxd4 Nf6 5. Nc3 a6 6. f3 e6 7. Be3 b5 8. Qd2 Bb7 9. Be2 Be7 10. 0-0 0-0 11. a3 Qc7 12. Rae1 Nbd7 13. Bd3 Nc5 14. Nce2 Nxd3 15. Qxd3 Rac8 16. c3 d5 17. exd5 Bxd5 18. Ng3 Bd6 19. f4 Bc4 20. Qd2 Bxf1 21. Rxf1 Ng4 22. h3 0-1

[Event "Bogota Superate Cat B Avanzado Girls"]
[Site "Bogota"]
[Date "2015.10.12"]
[Round "2.1"]
[White "Morales Serrano, Katty Dayana"]
[Black "Fiesco, Valentina"]
[Result "0-1"]
[WhiteElo "1616"]
[BlackElo "1785"]
[PlyCount "54"]
[EventDate "2015.10.12"]
[EventType "swiss"]
[EventRounds "5"]
[EventCountry "COL"]
[SourceTitle "EXT 2024"]
[Source "ChessBase"]
[SourceDate "2023.10.10"]
[SourceVersion "1"]
[SourceVersionDate "2023.10.10"]
[SourceQuality "1"]

1. e4 c6 2. d4 d5 3. Nc3 dxe4 4. Nxe4 Nd7 5. Nf3 Ngf6 6. Nxf6+ Nxf6 7. c4 e6 8. Bd3 Qc7 9. Bd2 Be7 10. Qe2 b6 11. 0-0 0-0 12. Rfe1 Re8 13. b3 Bb7 14. Rac1 Rad8 15. Bc3 c5 16. Rcd1 Bxf3 17. Qxf3 cxd4 18. Bb2 e5 19. Re2 Bd6 20. a3 a5 21. Rde1 Re7 22. g3 Rde8 23. Qg2 Bc5 24. Kh1 Qd6 25. a4 Bb4 26. Rf1 e4 27. Bb1 d3 0-1

[Event "San Andres Islas Caribe-ch (Women)"]
[Site "San Andres Islas"]
[Date "2015.05.05"]
[Round "1"]
[White "Dominguez, Daniela"]
[Black "Morales Serrano, Katty Dayana"]
[Result "0-1"]
[WhiteElo "1328"]
[BlackElo "1626"]
[PlyCount "34"]
[EventDate "2015.05.05"]
[EventType "swiss"]
[EventRounds "6"]
[EventCountry "COL"]
[SourceTitle "CBM 166 Extra"]
[Source "ChessBase"]
[SourceDate "2015.06.18"]
[SourceVersion "1"]
[SourceVersionDate "2015.06.18"]
[SourceQuality "1"]

1. e4 e5 2. Nf3 Nc6 3. Bc4 Bc5 4. a3 Nf6 5. Nc3 d6 6. d3 h6 7. h3 Qe7 8. 0-0 0-0 9. b4 Bb6 10. Bb2 a6 11. Qd2 Bd7 12. Rfe1 Nd4 13. Nd5 Nxf3+ 14. gxf3 Nxd5 15. Bxd5 Bxh3 16. Kh2 Qh4 17. Rg1 Bf1# 0-1

[Event "North Region-ch U16 Girls Integrada"]
[Site "Cartagena"]
[Date "2015.03.30"]
[Round "6.2"]
[White "Jaraba Andrade, Aura"]
[Black "Morales Serrano, Katty Dayana"]
[Result "1/2-1/2"]
[WhiteElo "1482"]
[BlackElo "1654"]
[PlyCount "40"]
[EventDate "2015.03.28"]
[EventType "swiss"]
[EventRounds "6"]
[EventCountry "COL"]
[SourceTitle "EXT 2024"]
[Source "ChessBase"]
[SourceDate "2023.10.10"]
[SourceVersion "1"]
[SourceVersionDate "2023.10.10"]
[SourceQuality "1"]

1. e4 e5 2. Nf3 Nc6 3. Bc4 Bc5 4. Nc3 Nf6 5. d3 h6 6. Bd2 0-0 7. 0-0 Re8 8. Qe2 d6 9. h3 Nd4 10. Nxd4 Bxd4 11. Rab1 c6 12. Bb3 a5 13. Kh1 b5 14. a3 Ba6 15. a4 b4 16. Nd1 d5 17. exd5 cxd5 18. c3 e4 19. cxd4 Bxd3 20. Qe1 Bxb1 1/2-1/2

[Event "Bogota Superate Intercol Adv-B (Women)"]
[Site "Bogota"]
[Date "2014.10.28"]
[Round "4.4"]
[White "Martinez, Claudia Marcela"]
[Black "Morales Serrano, Katty Dayana"]
[Result "0-1"]
[WhiteElo "1607"]
[BlackElo "1649"]
[PlyCount "23"]
[EventDate "2014.10.28"]
[EventType "swiss (blitz)"]
[EventRounds "8"]
[EventCountry "COL"]
[SourceTitle "EXT 2024"]
[Source "ChessBase"]
[SourceDate "2023.10.10"]
[SourceVersion "1"]
[SourceVersionDate "2023.10.10"]
[SourceQuality "1"]

1. e4 e5 2. Nf3 Nc6 3. Bb5 Bc5 4. Bxc6 dxc6 5. Nxe5 Qd4 6. Qf3 Qxe5 7. c3 Qe7 8. d4 Bb6 9. 0-0 Bd7 10. Re1 0-0-0 11. e5 f6 12. Qd1 0-1

[Event "Bogota Superate Intercol Adv-B (Women)"]
[Site "Bogota"]
[Date "2014.10.28"]
[Round "5.3"]
[White "Morales Serrano, Katty Dayana"]
[Black "Ocampo Betancur, Cristina Angela"]
[Result "0-1"]
[WhiteElo "1649"]
[BlackElo "1592"]
[PlyCount "72"]
[EventDate "2014.10.28"]
[EventType "swiss (blitz)"]
[EventRounds "8"]
[EventCountry "COL"]
[SourceTitle "EXT 2024"]
[Source "ChessBase"]
[SourceDate "2023.10.10"]
[SourceVersion "1"]
[SourceVersionDate "2023.10.10"]
[SourceQuality "1"]

1. e4 e5 2. Nf3 Nc6 3. Bc4 Bc5 4. Nc3 Nf6 5. 0-0 0-0 6. d3 Na5 7. Bb3 Nxb3 8. axb3 d6 9. h3 Re8 10. Bg5 h6 11. Bh4 c6 12. Re1 d5 13. exd5 cxd5 14. Ne2 Qb6 15. c3 Bf5 16. d4 exd4 17. Nfxd4 Bxd4 18. Nxd4 Rxe1+ 19. Qxe1 Be4 20. f3 Bg6 21. Bf2 Qd6 22. Bg3 Qd7 23. Rd1 Re8 24. Qd2 Nh5 25. Bh2 Qe7 26. Nc2 Qe2 27. Qxe2 Rxe2 28. Ne1 Rxb2 29. Rxd5 Rxb3 30. Rd8+ Kh7 31. Rc8 a5 32. Bd6 a4 33. Ra8 b5 34. Bb4 Nf4 35. Kh2 Nd5 36. Bd6 Rxc3 0-1

[Event "Bogota Superate Intercol Adv (Women)"]
[Site "Bogota"]
[Date "2014.10.27"]
[Round "5.2"]
[White "Salcedo, Jackeline"]
[Black "Morales Serrano, Katty Dayana"]
[Result "1-0"]
[WhiteElo "2004"]
[BlackElo "1658"]
[PlyCount "55"]
[EventDate "2014.10.25"]
[EventType "swiss"]
[EventRounds "5"]
[EventCountry "COL"]
[SourceTitle "EXT 2024"]
[Source "ChessBase"]
[SourceDate "2023.10.10"]
[SourceVersion "1"]
[SourceVersionDate "2023.10.10"]
[SourceQuality "1"]

1. c4 Nf6 2. Nc3 d6 3. e4 g6 4. d4 Bg7 5. f3 0-0 6. Bg5 Nbd7 7. Nh3 c5 8. d5 a6 9. Be2 b6 10. Qd2 Bb7 11. Nf2 Rc8 12. g4 Qc7 13. h4 h5 14. gxh5 Nxh5 15. Bxe7 Rfe8 16. Bg5 Ng3 17. Rg1 Nxe2 18. Qxe2 Nf6 19. 0-0-0 Qd7 20. Qd2 b5 21. Bxf6 Bxf6 22. h5 Kh7 23. Ng4 Qe7 24. hxg6+ fxg6 25. Qh6+ Kg8 26. Nxf6+ Kf7 27. Qxg6+ Kf8 28. Qg8# 1-0

[Event "North Region-ch U16 Girls"]
[Site "Cartagena"]
[Date "2014.05.09"]
[Round "2.1"]
[White "Meza Castro, Maria Jose"]
[Black "Morales Serrano, Katty Dayana"]
[Result "0-1"]
[WhiteElo "1574"]
[BlackElo "1683"]
[PlyCount "76"]
[EventDate "2014.05.08"]
[EventType "swiss"]
[EventRounds "6"]
[EventCountry "COL"]
[SourceTitle "EXT 2024"]
[Source "ChessBase"]
[SourceDate "2023.10.10"]
[SourceVersion "1"]
[SourceVersionDate "2023.10.10"]
[SourceQuality "1"]

1. e4 e5 2. Nf3 Nc6 3. d3 Bc5 4. Nbd2 a6 5. g3 Nf6 6. Bg2 d6 7. 0-0 Bg4 8. b3 Qe7 9. Bb2 Rd8 10. Qe2 Nd4 11. Qd1 Nd7 12. Qc1 Qf6 13. Bxd4 Bxf3 14. Bxc5 Bxg2 15. Kxg2 Nxc5 16. Qa3 Qg5 17. Nf3 Qe7 18. b4 Nd7 19. c3 0-0 20. d4 exd4 21. cxd4 Qxe4 22. Rfe1 Qf5 23. Nh4 Qd5+ 24. Nf3 g5 25. Qe3 f6 26. Kg1 h6 27. h4 Qf7 28. Nxg5 hxg5 29. hxg5 Rde8 30. Qf4 Qg6 31. gxf6 Nxf6 32. Rxe8 Rxe8 33. Rc1 Nd5 34. Qf3 Nxb4 35. Rxc7 Re1+ 36. Kg2 Qe4 37. Rxb7 Nxa2 38. Qxe4 Rxe4 0-1

[Event "North Region-ch U16 Girls"]
[Site "Cartagena"]
[Date "2014.05.08"]
[Round "1.1"]
[White "Morales Serrano, Katty Dayana"]
[Black "Prieto Orozco, Amarelis Judith"]
[Result "1-0"]
[WhiteElo "1683"]
[BlackElo "1498"]
[PlyCount "45"]
[EventDate "2014.05.08"]
[EventType "swiss"]
[EventRounds "6"]
[EventCountry "COL"]
[SourceTitle "EXT 2024"]
[Source "ChessBase"]
[SourceDate "2023.10.10"]
[SourceVersion "1"]
[SourceVersionDate "2023.10.10"]
[SourceQuality "1"]

1. e4 e6 2. Nc3 d5 3. d4 c6 4. Nf3 Bd6 5. Bd3 Ne7 6. Be3 Nd7 7. e5 Bc7 8. Qe2 f6 9. Bf4 Nf5 10. exf6 Qxf6 11. Bxc7 0-0 12. Be5 Qf7 13. Rg1 Nb6 14. Ng5 Qg6 15. h4 h6 16. Nh3 Bd7 17. g4 Nxd4 18. Bxd4 Qf7 19. g5 hxg5 20. Nxg5 Qe7 21. Qh5 g6 22. Qxg6+ Qg7 23. Qxg7# 1-0

[Event "COL-ch U15 Girls"]
[Site "Pereira"]
[Date "2013.11.22"]
[Round "4.1"]
[White "Cardona Martinez, Lina Sofia"]
[Black "Morales Serrano, Katty Dayana"]
[Result "1-0"]
[WhiteElo "1818"]
[BlackElo "1748"]
[PlyCount "77"]
[EventDate "2013.11.21"]
[EventType "swiss"]
[EventRounds "5"]
[EventCountry "COL"]
[SourceTitle "EXT 2024"]
[Source "ChessBase"]
[SourceDate "2023.10.10"]
[SourceVersion "1"]
[SourceVersionDate "2023.10.10"]
[SourceQuality "1"]

1. e4 e5 2. Nf3 Nc6 3. d4 d5 4. Nxe5 Nge7 5. exd5 Nxd5 6. Nxc6 bxc6 7. Be2 Bf5 8. c3 Bd6 9. Bf3 Bd7 10. 0-0 0-0 11. Nd2 Re8 12. Nc4 Qe7 13. Bd2 Rab8 14. Qc2 Qf6 15. Rfe1 Bf5 16. Be4 Bxe4 17. Rxe4 Rxe4 18. Qxe4 Qe7 19. Re1 Re8 20. Qxe7 Rxe7 21. g3 f5 22. Kf1 Nb6 23. Rxe7 Bxe7 24. Na5 c5 25. Nc6 Bd6 26. Nxa7 cxd4 27. cxd4 Nc4 28. Bc3 c5 29. dxc5 Bxc5 30. Nb5 Kf7 31. a3 g6 32. b4 Be7 33. Ke2 Nb6 34. Kd3 Na4 35. Bd4 Ke6 36. Kc4 Bd8 37. Na7 Bb6 38. Bxb6 Nxb6+ 39. Kb5 1-0

[Event "COL-ch U15 Girls"]
[Site "Pereira"]
[Date "2013.11.21"]
[Round "1.3"]
[White "Morales Serrano, Katty Dayana"]
[Black "Velasquez, Angie Gabriela"]
[Result "0-1"]
[WhiteElo "1748"]
[BlackElo "1768"]
[PlyCount "80"]
[EventDate "2013.11.21"]
[EventType "swiss"]
[EventRounds "5"]
[EventCountry "COL"]
[SourceTitle "EXT 2024"]
[Source "ChessBase"]
[SourceDate "2023.10.10"]
[SourceVersion "1"]
[SourceVersionDate "2023.10.10"]
[SourceQuality "1"]

1. e4 c5 2. Nf3 d6 3. Nc3 Nf6 4. h3 a6 5. Bc4 e6 6. a3 Be7 7. d3 b5 8. Ba2 Bb7 9. 0-0 0-0 10. Re1 Qc7 11. Bg5 Nbd7 12. Qd2 Rfd8 13. Qe2 Rac8 14. Nb1 a5 15. c3 b4 16. c4 Re8 17. Nbd2 Qc6 18. Bb1 Rb8 19. Bc2 Ba8 20. a4 Rb6 21. Rab1 Qb7 22. b3 Qc6 23. d4 cxd4 24. Nxd4 Qb7 25. Be3 Nc5 26. N4f3 Rc6 27. Rbd1 Rcc8 28. Bg5 Ncd7 29. Bd3 Nh5 30. e5 Bxg5 31. Be4 d5 32. Bd3 Bxd2 33. Rxd2 Nf4 34. Qe3 Nxd3 35. Qxd3 Nc5 36. Qe3 dxc4 37. bxc4 Nxa4 38. Red1 Nc3 39. Ra1 a4 40. c5 Qe4 0-1

[Event "Bogota IRT Categoria A U14 Girls"]
[Site "Bogota"]
[Date "2013.10.28"]
[Round "4.7"]
[White "Castro, Dayana"]
[Black "Morales Serrano, Katty Dayana"]
[Result "0-1"]
[WhiteElo "1540"]
[BlackElo "1594"]
[PlyCount "86"]
[EventDate "2013.10.27"]
[EventType "swiss"]
[EventRounds "5"]
[EventCountry "COL"]
[SourceTitle "EXT 2024"]
[Source "ChessBase"]
[SourceDate "2023.10.10"]
[SourceVersion "1"]
[SourceVersionDate "2023.10.10"]
[SourceQuality "1"]

1. e4 e5 2. Nc3 Nc6 3. Nf3 Nf6 4. d3 h6 5. g3 Bc5 6. Be3 Be7 7. Bg2 d6 8. 0-0 Bg4 9. Qd2 0-0 10. d4 exd4 11. Nxd4 Nxd4 12. Bxd4 Qd7 13. Be3 Bh3 14. f3 Be6 15. Ne2 a6 16. b3 c5 17. c4 Qc7 18. Nf4 Qd7 19. Nd5 Nxd5 20. cxd5 Bh3 21. Bxh3 Qxh3 22. Qg2 Qd7 23. g4 Bf6 24. Rad1 Rfe8 25. Rde1 b5 26. Rc1 Rac8 27. f4 Re7 28. g5 hxg5 29. fxg5 Bd4 30. Bxd4 cxd4 31. Rxc8+ Qxc8 32. g6 fxg6 33. Qxg6 Qc5 34. Kh1 d3 35. Rd1 Qe3 36. e5 Qf3+ 37. Qg2 Qxd1+ 38. Qg1 Qxg1+ 39. Kxg1 d2 40. exd6 d1Q+ 41. Kg2 Qxd5+ 42. Kg1 Re2 43. Kf1 Qd1# 0-1

[Event "Bogota IRT Categoria A U14 Girls"]
[Site "Bogota"]
[Date "2013.10.27"]
[Round "2.3"]
[White "Morales Serrano, Katty Dayana"]
[Black "Velasquez, Angie Gabriela"]
[Result "0-1"]
[WhiteElo "1594"]
[BlackElo "1768"]
[PlyCount "74"]
[EventDate "2013.10.27"]
[EventType "swiss"]
[EventRounds "5"]
[EventCountry "COL"]
[SourceTitle "EXT 2024"]
[Source "ChessBase"]
[SourceDate "2023.10.10"]
[SourceVersion "1"]
[SourceVersionDate "2023.10.10"]
[SourceQuality "1"]

1. e4 c5 2. Nf3 d6 3. Bc4 Nf6 4. Nc3 a6 5. a3 Qc7 6. d3 e6 7. Qe2 Be7 8. h3 Nbd7 9. Bf4 b5 10. Ba2 Bb7 11. e5 dxe5 12. Nxe5 Nxe5 13. Bxe5 Qc6 14. f3 b4 15. axb4 cxb4 16. Bb3 Qc8 17. Na4 Qd8 18. d4 Nh5 19. Nc5 Bh4+ 20. Kd1 Bc6 21. Rg1 Bg3 22. Kc1 Bf4+ 23. Kb1 0-0 24. g4 Bb5 25. Qe1 Bxe5 26. Qxe5 Nf6 27. g5 Nd7 28. Qe3 Nxc5 29. dxc5 a5 30. Ba2 a4 31. b3 axb3 32. Qxb3 Qd4 33. Rc1 Qxc5 34. c4 bxc3 35. Rxc3 Qf5+ 36. Kc1 Qxg5+ 37. Kc2 Ba4 0-1